| 000 | 00777nam a2200205 a 4500 | ||
|---|---|---|---|
| 001 | 22793 | ||
| 003 | CO-ViMGA | ||
| 008 | 141112s2004 ck r 000 u spa d | ||
| 040 |
_aCO-ViMGA _bspa _cCO-ViMGA |
||
| 082 | 0 | 4 | _a333.7 M657i |
| 100 | 1 |
_aMonroy, Nestor _932572 |
|
| 245 | 1 | 0 |
_aIntroducción a la producción más limpia : _bMarco teorico |
| 260 |
_aColombia : _bEscuela Colombiana de Ingenieria |
||
| 300 | _aV.1 | ||
| 505 | _aProblematica ambiental en colombia, El desarrollo sostenible, Mercadeo verde, Ecoetiquetado, Ejemplos de gestión ambiental, Que es una herramienta, Optimizacion de procesos | ||
| 650 | 1 | 4 |
_aCONSERVACION DE LOS RECURSOS NATURALES _9443 |
| 650 | 1 | 4 |
_aGESTION AMBIENTAL _911011 |
| 650 | 1 | 4 | _aPROTECCION DEL MEDIO AMBIENTE |
| 942 |
_2ddc _cBK |
||
| 999 |
_c31090 _d31090 |
||